000
00204nam a22000977a 4500
999
_c
16208
_d
16208
003
OSt
008
200623b ||||| |||| 00| 0 eng d
100
_a
S parameswaren
_9
4626
245
_a
zoology
942
_c
BK